00793nam a2200205 a 450000100100000000500170001000800410002704000250006808200180009310000230011124000420013424501110017626000540028730000280034153400660036965000320043565000560046765000320052370000320055500002208120200930011556.0100916s1969 mx a 000 0 spa d aDO-SdBNPbspacBNPHU a927.73bL412f1 aLavine, Sigmuno A.10aFamous american architectslEspañol10aFamosos arquitectos norteamericanos /cSigmuno A. Lavine ; versión española Francisco Gómez Palacio. aMéxico, D. F. :bEditorial Limusa-Wiley,c1969. a179 p. :bil. ;c19 cm. aTítulo de la obra en inglés :tFamous american architects 4aArquitectos estadounidenses 4aArquitectos estadounidensesySIGLO XXxBiografías 4aArquitectura estadounidense1 aGómez Palacio, Francisco,